000
00307nam a22001337a 4500
008
170828b xxu||||| |||| 00| 0 eng d
020
_a
9780312248482
041
_a
eng
080
_a
070
100
_a
39
101
_a
MED
245
_a
REAL COMMUNICATION AN INTRODUCTION
_c
HAIR.D.O
942
_2
udc
_c
BK
999
_c
25199
_d
25199